|
|
แสดงรายละเอียดบรรณานุกรม |
|
|
Brief Record
: Get Marc (ISO 2709)
: E-mail record
: |
|
|
|
| LEADER 00000nama 2200000uu 4500 | |||
| 001 199938 | |||
| 003 ULIBM | |||
| 008 040531s|||| th m m a000 0 tha d | |||
| 020 ^a9745561215 | |||
| 041 tha | |||
| 050 WY100 ก469 2551 | |||
| 100 วิภาพร วรหาญ. | |||
| 245 การปฐมพยาบาลและการพยาบาลฉุกเฉิน/วิภาพร วรหาญ. | |||
| 250 พิมพ์ครั้งที่ 11. | |||
| 260 โครงการตำรา ภาควิชาการพยาบาลอายุรศาสตร์และศัลยศาสตร์ มหาวิทยาลัยขอนแก่น. ขอนแก่น. 2551. | |||
| 300 229 ห้า. | |||
| 600 I.มหาวิทยาลัยขนแก่น โครงการตำราภาควิชาการพยาบาลอายุรศาสตร์และศัลยศาสตร์. | |||
| 650 1.ปฐมพยาบาล 2.การพยาบาลฉุกเฉิน. | |||
| 995 001 | |||
| 999 ^aใช้งานได้ทุกระบบ | |||
| คุณยังไม่ได้ล็อกอิน คุณสามารถมีกิจกรรมร่วมกับเว็บไซต์ได้ แต่ต้องล็อกอินก่อน :: |
|
| สถานะ | |||||||||
| 1. | หนังสือทั่วไป สถานะ=หนังสือเก่า - บริการ ณ ห้องสมุด (ห้องเหลือง) | WY100 ก469 2551 | On Shelf ขอยืม | ||||||
| 2. | หนังสือทั่วไป | WY100 ก469 2551 | On Shelf ขอยืม | ||||||
| 3. | หนังสือทั่วไป | WY100 ก469 2551 | On Shelf ขอยืม | ||||||
| 4. | หนังสือทั่วไป สถานะ=หนังสือเก่า - บริการ ณ ห้องสมุด (ห้องเหลือง) | WY100 ก469 2551 | On Shelf ขอยืม | ||||||
| 5. | หนังสือทั่วไป | WY100 ก469 2551 | On Shelf ขอยืม | ||||||
| 6. | หนังสือทั่วไป สถานะ=หนังสือเก่า - บริการ ณ ห้องสมุด (ห้องเหลือง) | WY100 ก469 2551 | On Shelf ขอยืม | ||||||
| [แสดง 6/6 รายการ] | |||||||||
BibComment |
| คอมเมนท์ทรัพยากรรายการนี้ |
|
|